| 000 | 00873nam a22002415i 4500 | ||
|---|---|---|---|
| 001 | 165333 | ||
| 003 | ES-MaACL | ||
| 005 | 20230906213121.0 | ||
| 008 | 050819s1900 it | |||||||| ||ita d | ||
| 040 |
_aCAM _bspa _cCAM |
||
| 100 | 1 |
_aSienkiewicz, Henryk. _9106230 |
|
| 245 | 1 | 0 |
_aQuo vadis? _b: romanzo / _cdi Enrico Sienkiewicz; traduzione di Ketty Nagel. |
| 260 |
_aMilano : _bFratelli Treves editori, _c1900. |
||
| 300 |
_a379 p. ; _c19 cm. |
||
| 490 | 1 |
_aBiblioteca Amena ; _v579 |
|
| 594 | _aEn port. consta: Quinto Migliaio. | ||
| 598 | _aLa mención de serie consta en la cub. original. | ||
| 700 | 1 |
_aNagel, Ketty. _9130383 |
|
| 830 | 0 |
_aBiblioteca Amena ; _v579 _9222453 |
|
| 852 |
_aES-MaACL _jF-9770 _z-- Enc. hol. conservando la cub. original _z-- Dedic. ms. de Luigi ¿? al Ateneo de Madrid, 1904 |
||
| 999 |
_c165333 _d165333 |
||